| 000 | 00617nam a2200217Ia 4500 | ||
|---|---|---|---|
| 999 |
_c41211 _d41211 |
||
| 001 | 7863 | ||
| 003 | GE_BSU | ||
| 005 | 20220927151134.0 | ||
| 008 | 181216s2021en xx |||||||||||||| ||eng|| | ||
| 020 | _a9780582507272 | ||
| 040 | _cGE_BSU | ||
| 041 | _aeng | ||
| 080 | _a811.111(075) N-52 | ||
| 100 |
_aNewbrook,Jacky _914853 |
||
| 245 |
_aNew proficiency GOLD Coursebook / _cJacky Newbrook |
||
| 264 |
_aEdinburgh : _bLongman, _c2001. |
||
| 300 |
_a240 p. : _bIll; _c 27cm. |
||
| 653 | _aNew proficiency GOLD Coursebook | ||
| 653 | _a ინგლისური გრამატიკა | ||
| 942 |
_cBK _2udc |
||